000
00379nam a2200145Ia 4500
008
100122s9999 xx 000 0 und d
082
_b
60932
_a
823
100
_a
आचार्य नयना
245
_a
झाकोळ
260
_b
गीता एजन्सीज
_c
2001
300
_a
152
630
_a
झाकोळ
730
_a
झाकोळ
942
_c
BOOK
999
_c
435897
_d
435894